000 00970nam1a22002771 4500
001 RU\NLR\INFOCOMM18\ROSSICA\1000003768
005 20240725024456.0
035 _a(NLR Aleph) 009897758
090 _a10553772
_c10553772
100 _a20030505d1916 |||y0rusy50 ba
101 0 _afre
102 _aRU
105 _ay ||||000ay
200 1 _aLe crétacé supérieur du Turkestan
_dВерхнемеловые отложения Туркестана
_fArkhanguelsky, A. D.
_zrus
210 _aПетроградъ
_d1916
215 _d
225 1 _aТруды Геологического Комитета
_iНов.серия
510 1 _aВерхнемеловые отложения Туркестана
_zrus
700 1 _9z01790
_aArchangel'skij
_bA.D.
_4070
790 1 _9z01700
_aArkhanguelsky
_bA.D.
_4070
801 1 _aRU
_bInfoComm
_c20030505
801 0 _aRU
_bNLR
_gPSBO
852 _aNLR
_bРусск.отд.
942 _cBOOK
980 _aRossica